| 000 | 01530nam a22004217a 4500 | ||
|---|---|---|---|
| 003 | OSt | ||
| 005 | 20230519145032.0 | ||
| 008 | 221006b |||||||| |||| 00| 0 eng d | ||
| 040 | _cBiblioteca Lado V | ||
| 082 |
_a700 _bA786l |
||
| 110 |
_9830 _aARTEDER _eEditor |
||
| 245 |
_aLAPIZ/ _bRevista Mensual de Arte/ |
||
| 260 |
_bFeria internacional de Bilbao _c1984 _aEspaña |
||
| 300 |
_c22x29cm _a74p. |
||
| 366 | _espa | ||
| 490 |
_a21 _vII |
||
| 505 | _aTema-Debate | ||
| 505 | _aCrónica de Exposiciones | ||
| 505 | _aLas pinturas, dibujos y sobre todo las esculturas de Jose Maria de Navascues | ||
| 505 | _aEntrevista Miguel Barcelo | ||
| 505 | _aTema Central: En Italia no toda la pintura es Trasnguardia | ||
| 505 | _aDiseño | ||
| 505 | _aFotografia | ||
| 505 | _aJose Maria sicilia | ||
| 505 | _aParis desde el punto de vista artistico | ||
| 505 | _aMonasterio Nuestra Señora de El Puig | ||
| 505 | _aSuplemento | ||
| 650 |
_2Tesauro de Arte & Arquitectura _aARTE _9703 |
||
| 650 |
_2Tesauro de Arte & Arquitectura _aARQUITECTURA |
||
| 650 |
_2Tesauro de Arte & Arquitectura _aFOTOGRAFIA _9702 |
||
| 650 |
_2Tesauro de Arte & Arquitectura _aENTREVISTAS |
||
| 650 |
_2Tesauro de Arte & Arquitectura _aARQUEOLOGIA |
||
| 650 |
_2Tesauro de Arte & Arquitectura _aREPORTAJES |
||
| 650 |
_2Tesauro de Arte & Arquitectura _aLIBROS |
||
| 650 |
_2Tesauro de Arte & Arquitectura _aNOTICIAS |
||
| 651 |
_2Tesauro de Arte & Arquitectura _aSUBASTAS |
||
| 942 |
_2ddc _c1 _h700 _iA786l _n0 |
||
| 999 |
_c3670 _d3670 |
||